000 00425nam a2200145 i 4500
001 85367
003 ES-MaACL
005 20230906175229.0
007 t|
008 041126s1972 sp ||||1| spa d
245 0 4 _aLas joyas de la Cámara Santa
_b: valores permanentes de Oviedo.
260 _aOviedo :
_bTabularium Artis Asturiensis,
_c1972.
300 _a91 p., LII lám. ;
_c24 cm.
852 _aES-MaACL
_jC-45012
_bR.83821
999 _c85367
_d85367